Total interaction : theory and practice of a new paradigm for the design disciplines
Αποθηκεύτηκε σε:
| Άλλοι συγγραφείς: | |
|---|---|
| Μορφή: | Βιβλίο |
| Γλώσσα: | English |
| Δημοσίευση: |
Basel :
Birkhauser,
2005
|
| Θέματα: | |
| Ετικέτες: |
Προσθήκη ετικέτας
Δεν υπάρχουν, Καταχωρήστε ετικέτα πρώτοι!
|
MARC
| LEADER | 00000nam a2200000 i 4500 | ||
|---|---|---|---|
| 001 | 1/82567 | ||
| 008 | 080415s2005 eng d | ||
| 020 | |a 978-3-7643-7076-3 | ||
| 020 | |a 3-7643-7076-9 | ||
| 035 | |l 10096695 | ||
| 040 | |a GR-MY-UA |b gre |e aacr | ||
| 041 | 0 | |a eng | |
| 082 | 0 | |a 745.2 |2 (22) | |
| 245 | 1 | 0 | |a Total interaction : |b theory and practice of a new paradigm for the design disciplines / |c edited by Gerhard M. Buurman |
| 260 | |a Basel : |b Birkhauser, |c 2005 | ||
| 300 | |a 367 σ.; |b εικ., (μερ. έγχρ.); |c 22 εκ. | ||
| 504 | |a Περιέχει βιβλιογραφικές παραπομπές και ευρετήριο | ||
| 650 | 0 | 0 | |a Industrial design. |
| 650 | 0 | 0 | |a Interactive computer systems. |
| 700 | 1 | |a Buurman, Gerhard M. |4 edt | |
| 852 | |a INST |b LESVOS |e 20080415 |h 745.2 TOT |p 005100039610 |q 005100039610 |t BK |y 0 | ||
| 901 | |a BIBL1-2008-1 | ||
| 909 | |a Λ |b 152209 | ||
| 922 | |a 1ΕΛΗ |b 200803 |c ΕΠΕΑΕΚ2/ΠΤΕ |d ΕΛΕΥΘΕΡΟΥΔΑΚΗΣ | ||
| 970 | |a ΚΑΡΑ |b ΓΙΑΣΕΜΗ |z 2008/04/15 | ||